[Event "Buenos Aires La Porta Cup"]
[Site "Buenos Aires"]
[Date "2014.12.19"]
[Round "7"]
[White "Sosa, Tomas Sebastian"]
[Black "Molini, Rodrigo"]
[Result "1/2-1/2"]
[WhiteElo "2358"]
[BlackElo "2097"]
[PlyCount "127"]
[EventDate "2014.12.13"]
[EventType "swiss"]
[EventRounds "9"]
[EventCountry "ARG"]
[SourceTitle "EXT 2016"]
[Source "ChessBase"]
[SourceDate "2015.10.08"]
[SourceVersion "1"]
[SourceVersionDate "2015.10.08"]
[SourceQuality "1"]

1. e4 c5 2. Nf3 e6 3. d4 cxd4 4. Nxd4 Nc6 5. Nc3 Qc7 6. Be3 a6 7. Be2 Nf6 8. 0-0 Bb4 9. f3 0-0 10. Nxc6 dxc6 11. Qe1 e5 12. a3 Be7 13. Na4 b5 14. Nb6 Rb8 15. Nxc8 Rbxc8 16. a4 Qb7 17. Qc3 Nd7 18. Rfd1 Rfd8 19. Bf1 Nf8 20. Rxd8 Bxd8 21. axb5 cxb5 22. Qxe5 Bb6 23. Bd4 Bxd4+ 24. Qxd4 Rxc2 25. b3 g6 26. Qe3 Ne6 27. f4 Qc6 28. b4 Rc3 29. Qd2 Rc2 30. Qe3 Rc3 31. Qe1 Nxf4 32. Rxa6 Rc1 33. Rxc6 Rxe1 34. Rb6 Rxe4 35. Rxb5 Kf8 36. Rb7 Ne6 37. g3 Re1 38. Kf2 Rb1 39. b5 Rb2+ 40. Kf3 Nd4+ 41. Ke4 Nxb5 42. Bxb5 Rxh2 43. Kf3 Rh5 44. g4 Re5 45. Kf4 Re7 46. Rb8+ Kg7 47. Bd3 h5 48. Be4 Rc7 49. Ke5 Ra7 50. Bd5 Rc7 51. Rd8 Ra7 52. Rc8 Rd7 53. Ra8 Re7+ 54. Kd6 Re1 55. Ra7 Rf1 56. Ke5 Rf2 57. Bc4 Rf6 58. Ke4 Rf2 59. Rc7 Rf6 60. Ke3 Kg8 61. Ke4 Kg7 62. Ke5 Rf2 63. Kd6 Rf6+ 64. Ke5 1/2-1/2

[Event "Buenos Aires Duchamp Memorial op 5th"]
[Site "Buenos Aires"]
[Date "2013.03.24"]
[Round "2"]
[White "Amura, Claudia Noemi"]
[Black "Molini, Rodrigo"]
[Result "1/2-1/2"]
[WhiteElo "2312"]
[BlackElo "2029"]
[PlyCount "88"]
[EventDate "2013.03.23"]
[EventType "swiss"]
[EventRounds "8"]
[EventCountry "ARG"]
[SourceTitle "CBM 153 Extra"]
[Source "ChessBase"]
[SourceDate "2013.04.22"]
[SourceVersion "1"]
[SourceVersionDate "2013.04.22"]
[SourceQuality "1"]

1. d4 d5 2. Bg5 f6 3. Bf4 Bf5 4. Nf3 g5 5. Bg3 h5 6. h4 g4 7. Nfd2 Nc6 8. e3 e6 9. Bb5 Bd6 10. Bxc6+ bxc6 11. Bxd6 cxd6 12. 0-0 Ne7 13. Nc3 Ng6 14. g3 e5 15. e4 Be6 16. exd5 cxd5 17. Qe2 Qd7 18. Rad1 0-0 19. Qe3 Rad8 20. Nb3 e4 21. Ne2 Qh7 22. Nbc1 Kg7 23. c4 Qh6 24. c5 f5 25. Qxh6+ Kxh6 26. Nb3 dxc5 27. Nxc5 Bc8 28. Nf4 Nxf4 29. gxf4 Rf6 30. Rfe1 Rb6 31. Rd2 Kg6 32. Re3 Kf6 33. Ra3 a6 34. Kf1 Rdd6 35. Ke2 Bd7 36. Ke3 Bb5 37. Rc2 Ke7 38. Rac3 Rg6 39. Kd2 Rb8 40. Rc1 Rbg8 41. Rg3 Rb8 42. Rb3 Rgb6 43. Rcc3 Bc4 44. Rxb6 Rxb6 1/2-1/2

[Event "Buenos Aires Duchamp Memorial op 5th"]
[Site "Buenos Aires"]
[Date "2013.03.24"]
[Round "3"]
[White "Molini, Rodrigo"]
[Black "Fernandez, Jorge Luis"]
[Result "0-1"]
[WhiteElo "2029"]
[BlackElo "2204"]
[PlyCount "82"]
[EventDate "2013.03.23"]
[EventType "swiss"]
[EventRounds "8"]
[EventCountry "ARG"]
[SourceTitle "CBM 153 Extra"]
[Source "ChessBase"]
[SourceDate "2013.04.22"]
[SourceVersion "1"]
[SourceVersionDate "2013.04.22"]
[SourceQuality "1"]

1. d4 Nf6 2. c4 e6 3. g3 Bb4+ 4. Bd2 a5 5. Nf3 b6 6. Bg2 Bb7 7. 0-0 0-0 8. Bf4 Be7 9. Nc3 Ne4 10. Qc2 Nxc3 11. Qxc3 d6 12. Qc2 f5 13. Rfd1 Be4 14. Qb3 a4 15. Qc3 Nd7 16. b4 Bf6 17. Rac1 Qe7 18. Qa3 g5 19. Be3 Qg7 20. Ne1 Bxg2 21. Nxg2 e5 22. dxe5 Nxe5 23. Bd4 f4 24. Bxe5 Bxe5 25. Qd3 Qf6 26. Rf1 Rae8 27. Ne1 g4 28. Qd5+ Kh8 29. Nd3 f3 30. exf3 gxf3 31. Rfe1 Qh6 32. h4 Bxg3 33. fxg3 Qd2 34. Qd4+ Re5 35. Qf2 Qxd3 36. Red1 Qf5 37. Re1 Rg8 38. Kh2 Rge8 39. Kg1 Re2 40. Rxe2 Rxe2 41. Qd4+ Qe5 0-1